| 000 | 01193nam a22003497a 4500 | ||
|---|---|---|---|
| 003 | CHAP | ||
| 005 | 20220329140614.0 | ||
| 008 | 971013s1995 r 00010 d | ||
| 010 | _a54662 | ||
| 011 | _a55634 | ||
| 035 | _a59786 | ||
| 040 | _cCHAP | ||
| 090 | _aTesis | ||
| 100 | 0 | 0 |
_aMaldonado Pérez, Hilario. _970126 |
| 245 | _aDiseño de un dinamómetro para el enganche de tres puntos | ||
| 260 |
_aChapingo, Méx. : _bEl autor, _c1995 |
||
| 300 |
_a123 h. _b: ilus. ; anexos |
||
| 502 | _aTesis (Ing. Mecánico Agrícola) -- UACH. Departamento de Ingeniería Mecánica | ||
| 590 |
_aALEPH _b10 _c20130110 _lUCH01 _h1332 |
||
| 590 |
_aBATCH-UPD _b10 _c20130110 _lUCH01 _h0642 |
||
| 590 |
_aBATCH-UPD _b10 _c20130110 _lUCH01 _h2340 |
||
| 590 |
_aBATCH-UPD _b10 _c20130410 _lUCH01 _h0327 |
||
| 590 |
_aBATCH-UPD _b10 _c20130914 _lUCH01 _h1203 |
||
| 590 |
_aCONVERSION _b10 _c20130109 _lUCH01 _h1329 |
||
| 650 | 1 | 4 |
_aDinamómetros. _932609 |
| 650 | 1 | 4 |
_aInstrumentos de medida. _959489 |
| 700 | 0 |
_aPallares Hernández, Guadalupe. _984926 |
|
| 901 | _aBK | ||
| 942 | _cFOLL | ||
| 949 |
_bBC _cTES _d-129157 _eTS1 _h28373 _i59786 _si |
||
| 949 |
_bBC _cTES _d33724000040853 _eTS2 _fc.2 _h28374 _i59786 _si |
||
| 999 |
_c54662 _d54662 |
||